000 00418nam a22001697a 4500
003 OSt
008 260428b |||||||| |||| 00| 0 eng d
082 _a635.93421
_bR15G
100 _aKumar, Rakesh
245 _aGenetic Variability in Turmeric (Curcuma Longa L.)
260 _aPusa, Samastipur
_bRAU
_c1996
300 _a82P.
502 _bMsc.
_d1996
650 _aHorticulture
650 _aMsc.
942 _2ddc
_cT
999 _c50224
_d50224